LEADER 01221nam a2200289 4500 001 000000362246 003 CaOOAMICUS 005 20250327161249.0 008 250321s2000 it 000 u ita r 020 $a88-430-1202-9 040 $aSeMil$bita 100 1 $aSola, Giorgio,$d<1946-2007>.$0(OLS)http://semarc/name/6183 245 10$aStoria della scienza politica :$bteorie, ricerche e paradigmi contemporanei /$cGiorgio Sola. 250 $a3. rist. 264 1$aRoma :$bCarocci,$c2000. 300 $a895 p. ;$c22 cm 490 1 $aUniversità ;$v74 650 4$aScienza politica - Storia.$0(OLS)http://semarc/subject/3240 650 4$aPolitica - Storia.$0(OLS)http://semarc/subject/4168 830 0$aUniversità ;$v74.$0(OLS)http://semarc/title/431663 850 $aSeMil 852 $aSeMil$W1$xVenegono$y1$m3N III 698$j255479$B253170$CSeMilBibl$Z2$F253170 $81 961 $aBuzzi mons. Franco - Omaggio 996 $6020$a88-430-1202-9$9(OLS)http://semarc/number/302828 996 $6245$aStoria della scienza politica :$bteorie, ricerche e paradigmi contemporanei$9(OLS)http://semarc/title/453131 996 $6264$aRoma :$bCarocci$9(OLS)http://semarc/publisher/31977 LEADER 00950nam a2200241 i 4500 001 000000089637 003 CaOOAMICUS 005 20221107115516.0 008 031008s1996 it u000 u ita u 013 $a61879 020 $a88-7819-928-1 040 $aSeMil$bita 100 1 $aFornero, Giovanni,$d<1950- >.$0(OLS)http://semarc/name/3580 245 10$a7: La filosofia contemporanea 1 /$cdi Giovanni Fornero. 264 1$aMilano :$bTEA,$c1996. 300 $a502 p. ;$c20 cm 773 0 $aAbbagnano, Nicola <1901-1990>$tStoria della filosofia.$dMilano : TEA, 1995-1996.$g7$w()10114 850 $aSeMil 852 $aSeMil$W1$xVenegono$y1$m600 113 7 *$j52711$B52711$CSeMilBibl$Z2$F57238 $81 996 $6020$a88-7819-928-1$9(OLS)http://semarc/number/69610 996 $6245$a7: La filosofia contemporanea 1$9(OLS)http://semarc/title/441932 996 $6264$aMilano :$bTEA$9(OLS)http://semarc/publisher/32364